00846nam a2200241Ia 4500001000600000003000900006008004100015040001300056040001300069041001300082100002100095100002900116245005400145245003700199250001100236260002300247260001200270260004900282300005700331500016400388650002100552650003100573G7831IT-RoPAU130308s9999 xx 000 0 und d aIT-RoPAU cIT-RoPAU aITALIANO aLaura Ernesto G. gCodice Aut. SPICS: 4828 aSono ateo, grazie a Dio: il cinema di Luis Bunuel bCinema delle parabole (Il)-Vol.2 a1a ed. aCANTALUPA (TORINO) bEffata' c2000 [1° Ed.:2000 - Ed.Ling.Originale:2000] a"24 p. (prefazione: no ; testo: 24 [pagine: 59-82])" a"Origini e Opere. radici Culturali. linee Ideali. Atteggiamento Nei Confronti della Religione e della Chiesa Cattolica. Pessimismo. Perche' ""La via Lattea""." aSAGGI SUL CINEMA eCodice materia Spics: 6811